[Event "Ferreira do Alentejo 2nd"]
[Site "Ferreira do Alentejo"]
[Date "2019.12.18"]
[Round "3"]
[White "Avelino, Camila Biscaya"]
[Black "Sousa, Diogo Miguel Braz"]
[Result "1-0"]
[WhiteElo "1774"]
[BlackElo "1375"]
[PlyCount "87"]
[EventDate "2019.12.17"]
[EventType "swiss"]
[EventRounds "9"]
[EventCountry "POR"]
[SourceTitle "CBM 193 Extra"]
[Source "ChessBase"]
[SourceDate "2020.01.31"]
[SourceVersion "1"]
[SourceVersionDate "2020.01.31"]
[SourceQuality "1"]

1. e4 e5 2. Nf3 Nc6 3. Bb5 d6 4. 0-0 Nf6 5. Re1 Bg4 6. h3 Bh5 7. d4 Bxf3 8. Qxf3 Nd7 9. d5 Nd4 10. Qd3 Nxb5 11. Qxb5 Rb8 12. Be3 a6 13. Qb4 Qc8 14. Na3 b6 15. Nc4 Qb7 16. Qd2 Be7 17. Qe2 Nf6 18. Qf3 Qc8 19. Bg5 Ng8 20. Qg3 Nf6 21. f4 Nh5 22. Qh4 Bxg5 23. Qxg5 Nxf4 24. Qxg7 Ng6 25. Rf1 Qd7 26. Rf6 h5 27. Raf1 Rf8 28. Rxg6 Qe7 29. Rgf6 Rd8 30. Ne3 Rd7 31. Nf5 Qd8 32. Re6+ Re7 33. Rxe7+ Qxe7 34. Nxe7 Kxe7 35. Qh7 Ke8 36. Qxh5 Ke7 37. Qh7 Ke8 38. Qg7 Ke7 39. h4 Ke8 40. h5 Ke7 41. h6 Ke8 42. h7 Ke7 43. h8Q Rxh8 44. Rxf7+ 1-0

[Event "Ferreira do Alentejo op 1st"]
[Site "Ferreira do Alentejo"]
[Date "2018.09.29"]
[Round "6"]
[White "Sousa, Diogo Miguel Braz"]
[Black "Palma, Fernando Miguel J"]
[Result "1-0"]
[WhiteElo "1232"]
[BlackElo "1520"]
[PlyCount "89"]
[EventDate "2018.09.26"]
[EventType "swiss"]
[EventRounds "9"]
[EventCountry "POR"]
[SourceTitle "CBM 186 Extra"]
[Source "ChessBase"]
[SourceDate "2018.08.24"]
[SourceVersion "1"]
[SourceVersionDate "2018.08.24"]
[SourceQuality "1"]

1. e4 g6 2. d4 d6 3. Nf3 Bg7 4. Bc4 e6 5. 0-0 Nf6 6. e5 dxe5 7. dxe5 Qxd1 8. Rxd1 Nfd7 9. Bf4 Nc6 10. Bb5 0-0 11. Bxc6 bxc6 12. Nc3 Nb6 13. Rab1 Nd5 14. Nxd5 cxd5 15. Be3 Ba6 16. Rd4 Be2 17. Re1 Bxf3 18. gxf3 Bxe5 19. Ra4 a6 20. Bc5 Bd6 21. Bxd6 cxd6 22. Re3 Ra7 23. Rb3 Rc8 24. c3 Rc6 25. Rba3 Rb6 26. Rb3 Rxb3 27. axb3 Kf8 28. b4 Ke7 29. b5 a5 30. b4 Kd7 31. bxa5 e5 32. b6 Ra6 33. Kf1 Kc6 34. Ke2 f5 35. Kd3 Kb7 36. c4 d4 37. f4 Ra8 38. fxe5 dxe5 39. c5 Ra6 40. f4 exf4 41. Kxd4 Kc6 42. Rb4 Kb7 43. c6+ Kxc6 44. b7 f3 45. Ke3 1-0

[Event "Ferreira do Alentejo op 1st"]
[Site "Ferreira do Alentejo"]
[Date "2018.09.28"]
[Round "5"]
[White "Ramos, Alvaro Manuel Nobre"]
[Black "Sousa, Diogo Miguel Braz"]
[Result "1/2-1/2"]
[WhiteElo "1914"]
[BlackElo "1232"]
[PlyCount "90"]
[EventDate "2018.09.26"]
[EventType "swiss"]
[EventRounds "9"]
[EventCountry "POR"]
[SourceTitle "CBM 186 Extra"]
[Source "ChessBase"]
[SourceDate "2018.08.24"]
[SourceVersion "1"]
[SourceVersionDate "2018.08.24"]
[SourceQuality "1"]

1. c4 c5 2. g3 Nc6 3. Bg2 b6 4. Nc3 Bb7 5. d3 Nf6 6. Bg5 e6 7. e4 Be7 8. Nge2 e5 9. 0-0 h6 10. Bxf6 Bxf6 11. a3 0-0 12. Kh1 Ne7 13. Qd2 a6 14. Rae1 Qc7 15. f4 Rad8 16. Nd5 Nxd5 17. exd5 exf4 18. Nxf4 Rfe8 19. Nh5 Bg5 20. Qf2 d6 21. h4 Rxe1 22. Rxe1 Be7 23. Rf1 Rf8 24. Be4 Bc8 25. Bf5 Bxf5 26. Qxf5 g6 27. Nf6+ Bxf6 28. Qxf6 Qd8 29. Qf4 Kg7 30. d4 a5 31. a4 Qc7 32. Re1 Qd7 33. b3 Re8 34. Rf1 Qe7 35. Kh2 f5 36. h5 Qe2+ 37. Kg1 Qe3+ 38. Kg2 Qxf4 39. Rxf4 Re3 40. dxc5 bxc5 41. hxg6 Kxg6 42. g4 Re5 43. gxf5+ Rxf5 44. Rh4 Kg5 45. Rh3 Kg6 1/2-1/2

[Event "Ferreira do Alentejo op 1st"]
[Site "Ferreira do Alentejo"]
[Date "2018.09.27"]
[Round "3"]
[White "Represa Perez, Mireya"]
[Black "Sousa, Diogo Miguel Braz"]
[Result "1-0"]
[WhiteElo "2151"]
[BlackElo "1232"]
[PlyCount "41"]
[EventDate "2018.09.26"]
[EventType "swiss"]
[EventRounds "9"]
[EventCountry "POR"]
[SourceTitle "CBM 186 Extra"]
[Source "ChessBase"]
[SourceDate "2018.08.24"]
[SourceVersion "1"]
[SourceVersionDate "2018.08.24"]
[SourceQuality "1"]

1. e4 e5 2. Nf3 Nc6 3. Bb5 d6 4. d4 exd4 5. Qxd4 Bd7 6. Bxc6 Bxc6 7. Bg5 f6 8. Be3 Qd7 9. Nc3 f5 10. 0-0-0 Nf6 11. e5 Ng4 12. e6 Qxe6 13. Rhe1 Ne5 14. Bg5 Bxf3 15. gxf3 Qf7 16. Rxe5+ Kd7 17. Rde1 Qg6 18. h4 h6 19. Re6 Qh5 20. Qd5 hxg5 21. Qb5+ 1-0